Drapeaux de la Première Guerre mondiale - Statistiques

Statistiques générales
  • Ce quiz a été pris 11 244 fois
  • Le résultat moyen est 14 sur 20
Statistiques - réponses
Par images Hint Réponse % Correct
1 150 000 France
100%
1 200 000 Russie
97%
744 000 Royaume-Uni
96%
335 706 Roumanie
93%
38 170 Belgique
92%
53 402 Etats-Unis
92%
61 527 Australie
91%
7 222 Portugal
91%
460 000 Italie
90%
18 166 Nouvelle-Zélande
86%
127 500 Serbie
84%
87 500 Bulgarie
83%
1 800 000 Allemagne
78%
305 085 Empire ottoman
72%
1 016 200 Autriche-Hongrie
54%
56 638 Canada
40%
5 000 Grèce
33%
7 121 Afrique du Sud
28%
3 000 Monténégro
25%
1 204 Terre-Neuve
17%
Aucun quiz correspondant
Distribution des résultats
% des personnes avec chaque résultat
Percentile par nombre de réponses
Votre historique - résultats
Vous n’avez pas pris ce quiz